[Event "Verden op-B"]
[Site "Verden"]
[Date "2023.01.06"]
[Round "4"]
[White "Walther, Jonas"]
[Black "Berkenkamp, Matthis"]
[Result "1/2-1/2"]
[WhiteElo "1770"]
[BlackElo "1362"]
[PlyCount "65"]
[EventDate "2023.01.05"]
[EventType "swiss"]
[EventRounds "7"]
[EventCountry "GER"]
[SourceTitle "CBM 212 Extra"]
[Source "ChessBase"]
[SourceDate "2023.03.31"]
[SourceVersion "1"]
[SourceVersionDate "2023.03.31"]
[SourceQuality "1"]

1. e4 c6 2. Nc3 d5 3. Qe2 dxe4 4. Nxe4 e6 5. Nf3 Nf6 6. d3 Nbd7 7. Bf4 Nxe4 8. dxe4 Bb4+ 9. c3 Be7 10. g3 Qb6 11. Bg2 0-0 12. 0-0 Nf6 13. e5 Nd5 14. Bg5 Qc7 15. Bxe7 Nxe7 16. Nd2 b5 17. a4 Rb8 18. b4 Bb7 19. Nb3 Nd5 20. Bxd5 cxd5 21. Nc5 bxa4 22. Rxa4 Bc6 23. Ra5 Qb6 24. Rfa1 d4 25. cxd4 Qxb4 26. Na6 Qb1+ 27. Rxb1 Rxb1+ 28. Qf1 Rxf1+ 29. Kxf1 Rd8 30. Nc5 Rxd4 31. Rxa7 Bf3 32. Rd7 Rxd7 33. Nxd7 1/2-1/2

[Event "Hannover Bezirks op"]
[Site "Hannover"]
[Date "2019.04.06"]
[Round "5.2"]
[White "Kiesel, Harald"]
[Black "Walther, Jonas"]
[Result "1-0"]
[WhiteElo "2051"]
[BlackElo "1781"]
[PlyCount "125"]
[EventDate "2019.01.19"]
[EventType "swiss"]
[EventRounds "7"]
[EventCountry "GER"]
[SourceTitle "EXT 2023"]
[Source "ChessBase"]
[SourceDate "2022.10.05"]
[SourceVersion "1"]
[SourceVersionDate "2022.10.05"]
[SourceQuality "1"]

1. e4 e5 2. Nf3 Nf6 3. Nxe5 d6 4. Nf3 Nxe4 5. d4 d5 6. Bd3 Bd6 7. 0-0 0-0 8. c4 c6 9. Nc3 Nxc3 10. bxc3 dxc4 11. Bxc4 Bf5 12. Re1 Nd7 13. Bg5 Qc7 14. h3 h6 15. Bd2 Nf6 16. Nh4 Be4 17. Qc1 Bg3 18. fxg3 Qxg3 19. Rxe4 Nxe4 20. Be1 Qd6 21. Nf5 Qf6 22. Ng3 Nd6 23. Bd3 Rfe8 24. Bd2 Rad8 25. Qf1 Qe6 26. Qf3 Nc4 27. Bf4 Nd6 28. Be5 f6 29. Bxd6 Rxd6 30. Nf5 Rd7 31. Qg4 Kf8 32. Rf1 c5 33. Bb5 cxd4 34. Bxd7 Qxd7 35. Qxd4 Qc7 36. Nxh6 Rd8 37. Qb4+ Qd6 38. Nf5 Qxb4 39. cxb4 Rd2 40. a3 Rd3 41. Rf3 Rd2 42. Kh2 Kf7 43. Kg3 g6 44. Ne3 Ke6 45. Nc4 Rd4 46. Na5 b5 47. Nb3 Rc4 48. Nc5+ Ke7 49. Re3+ Kf7 50. Nb7 Rd4 51. Kf3 f5 52. Nc5 Rc4 53. Rd3 Kf6 54. Rd6+ Kg5 55. Ne6+ Kh4 56. Nf4 Rc3+ 57. Rd3 Rc6 58. g3+ Kg5 59. Nd5 Rc4 60. h4+ Kh6 61. Rc3 Rd4 62. Nc7 a5 63. bxa5 1-0

[Event "Niedersachsen-ch op A"]
[Site "Verden"]
[Date "2019.01.05"]
[Round "6"]
[White "Walther, Jonas"]
[Black "Poelig, Juergen"]
[Result "1-0"]
[WhiteElo "1816"]
[BlackElo "1844"]
[PlyCount "45"]
[EventDate "2019.01.03"]
[EventType "swiss"]
[EventRounds "7"]
[EventCountry "GER"]
[SourceTitle "EXT 2022"]
[Source "ChessBase"]
[SourceDate "2021.10.06"]
[SourceVersion "1"]
[SourceVersionDate "2021.10.06"]
[SourceQuality "1"]

1. e4 e6 2. d4 d5 3. Nd2 c5 4. exd5 exd5 5. Bb5+ Nc6 6. Ngf3 Bd6 7. 0-0 Bg4 8. dxc5 Bxc5 9. Nb3 Bb6 10. h3 Bh5 11. Re1+ Nge7 12. Bxc6+ bxc6 13. g4 Bg6 14. Qe2 Kf8 15. Nbd4 h6 16. Bf4 c5 17. Nb5 Nc8 18. Nc7 Bxc7 19. Bxc7 Qd7 20. Ne5 Qa4 21. b3 Qe4 22. Nxg6+ fxg6 23. Qb5 1-0

[Event "Niedersachsen-ch op A"]
[Site "Verden"]
[Date "2019.01.04"]
[Round "4"]
[White "Graf, Lucas"]
[Black "Walther, Jonas"]
[Result "1-0"]
[WhiteElo "1999"]
[BlackElo "1816"]
[PlyCount "37"]
[EventDate "2019.01.03"]
[EventType "swiss"]
[EventRounds "7"]
[EventCountry "GER"]
[SourceTitle "EXT 2022"]
[Source "ChessBase"]
[SourceDate "2021.10.06"]
[SourceVersion "1"]
[SourceVersionDate "2021.10.06"]
[SourceQuality "1"]

1. e4 e5 2. Nf3 Nf6 3. Nc3 Bb4 4. Bc4 Nc6 5. 0-0 0-0 6. d3 Bxc3 7. bxc3 d5 8. exd5 Nxd5 9. Bd2 Bg4 10. h3 Bh5 11. g4 Bg6 12. Re1 f6 13. Bb5 Qd6 14. Nh4 Be8 15. Nf5 Qc5 16. Bc4 Bf7 17. Rb1 Nb6 18. Bb3 Ne7 19. d4 1-0

[Event "Hannover Bezirks op"]
[Site "Hannover"]
[Date "2018.04.21"]
[Round "6.4"]
[White "Schoenfeld, Dietmar"]
[Black "Walther, Jonas"]
[Result "1-0"]
[WhiteElo "1888"]
[BlackElo "1792"]
[PlyCount "83"]
[EventDate "2018.01.27"]
[EventType "swiss"]
[EventRounds "7"]
[EventCountry "GER"]
[SourceTitle "EXT 2022"]
[Source "ChessBase"]
[SourceDate "2021.10.06"]
[SourceVersion "1"]
[SourceVersionDate "2021.10.06"]
[SourceQuality "1"]

1. e4 e5 2. Nf3 Nf6 3. Nxe5 d6 4. Nf3 Nxe4 5. d4 d5 6. Bd3 Bd6 7. 0-0 0-0 8. c4 c6 9. Nc3 Bf5 10. Re1 Nxc3 11. bxc3 Bxd3 12. Qxd3 dxc4 13. Qxc4 h6 14. Bd2 Nd7 15. Re2 Nf6 16. Rae1 Qd7 17. Ne5 Qf5 18. h3 Nd5 19. Qb3 Rab8 20. c4 Nf6 21. Re3 c5 22. Rf3 Qh5 23. Rxf6 gxf6 24. Nd7 Qg6 25. dxc5 Bxc5 26. Nxc5 Rfd8 27. Bf4 Rbc8 28. Nxb7 Rd4 29. Bg3 Rcxc4 30. Nd6 Rb4 31. Qf3 Rb1 32. Rxb1 Qxb1+ 33. Kh2 Rd1 34. Qg4+ Kh7 35. Bf4 Rh1+ 36. Kg3 Qd3+ 37. f3 Qe2 38. Kh4 Rg1 39. Nf5 Rxg2 40. Bg3 Rxg3 41. Qxg3 Qxa2 42. Qg7# 1-0

[Event "Hannover Bezirks op"]
[Site "Hannover"]
[Date "2018.03.17"]
[Round "4.3"]
[White "Walther, Jonas"]
[Black "Herrmann, Andreas"]
[Result "1-0"]
[WhiteElo "1792"]
[BlackElo "2129"]
[PlyCount "129"]
[EventDate "2018.01.27"]
[EventType "swiss"]
[EventRounds "7"]
[EventCountry "GER"]
[SourceTitle "EXT 2022"]
[Source "ChessBase"]
[SourceDate "2021.10.06"]
[SourceVersion "1"]
[SourceVersionDate "2021.10.06"]
[SourceQuality "1"]

1. e4 c5 2. Nf3 e6 3. c3 a6 4. d4 Nf6 5. e5 Nd5 6. Be2 cxd4 7. cxd4 Bb4+ 8. Bd2 Be7 9. Nc3 Nxc3 10. Bxc3 d6 11. 0-0 0-0 12. a4 Nc6 13. a5 Bd7 14. Bd3 dxe5 15. dxe5 h6 16. Qe2 g6 17. Qe3 Kg7 18. Ra4 Na7 19. Rg4 Bb5 20. Rd1 Bxd3 21. Rxd3 Qe8 22. h4 Nb5 23. Bd2 Rh8 24. h5 Rd8 25. hxg6 fxg6 26. Rxd8 Bxd8 27. Qe4 Qf7 28. Rf4 Qd7 29. Rf6 Bxf6 30. exf6+ Kf8 31. Bb4+ Ke8 32. Ne5 Qd1+ 33. Kh2 Qh5+ 34. Kg1 Qd1+ 35. Be1 Nd6 36. Qxg6+ Kd8 37. Kf1 Qa4 38. Qg7 Qb5+ 39. Kg1 Qxe5 40. Qxh8+ Kc7 41. Bc3 Qh5 42. Qh7+ Nf7 43. Qd3 Kb8 44. Qd7 e5 45. Bb4 e4 46. Bd6+ Nxd6 47. Qxd6+ Ka8 48. Qd7 e3 49. Qd8+ Ka7 50. fxe3 Qf5 51. Qe7 Qd5 52. f7 Qd1+ 53. Kh2 Qh5+ 54. Kg3 Qg6+ 55. Kf4 Qc2 56. f8Q Qf2+ 57. Ke4 Qxg2+ 58. Kf5 Qc2+ 59. Kf6 Qxb2+ 60. Kf7 Qa2+ 61. Kg7 Qa1+ 62. Kg8 Qa2+ 63. Qff7 Qg2+ 64. Kh8 Qc6 65. Qc7 1-0

[Event "Niedersachsen-ch op-C"]
[Site "Verden"]
[Date "2017.01.07"]
[Round "6"]
[White "Walther, Jonas"]
[Black "Meschke, Oliver"]
[Result "0-1"]
[WhiteElo "1802"]
[BlackElo "1958"]
[PlyCount "74"]
[EventDate "2017.01.05"]
[EventType "swiss"]
[EventRounds "7"]
[EventCountry "GER"]
[SourceTitle "CBM 187 Extra"]
[Source "ChessBase"]
[SourceDate "2018.11.04"]
[SourceVersion "1"]
[SourceVersionDate "2018.11.04"]
[SourceQuality "1"]

1. e4 d5 2. exd5 Qxd5 3. Nc3 Qd6 4. Bc4 Nf6 5. d4 a6 6. Nge2 Bg4 7. f3 Bf5 8. Bf4 Qd7 9. Ng3 Bg6 10. d5 b5 11. Bb3 c6 12. a4 b4 13. Nce4 cxd5 14. Nxf6+ gxf6 15. Qxd5 Nc6 16. Qxd7+ Kxd7 17. 0-0-0+ Ke8 18. a5 e5 19. Ba4 Rc8 20. Rhe1 Be7 21. Bh6 Bf8 22. Be3 h5 23. h4 Be7 24. f4 exf4 25. Bxf4 Kf8 26. Ne4 Ne5 27. Nd6 Bxd6 28. Rxd6 Nd3+ 29. Rxd3 Bxd3 30. Kd2 Bf5 31. Bd6+ Kg7 32. Bxb4 Rc4 33. c3 Rxh4 34. Bc6 Rd8+ 35. Kc1 Rc8 36. Bb7 Rc7 37. Bxa6 Rxb4 0-1

[Event "Hannover-chB"]
[Site "Lehrte"]
[Date "2008.10.13"]
[Round "6"]
[White "Baum, Frank Christian"]
[Black "Walther, Jonas"]
[Result "0-1"]
[WhiteElo "1588"]
[BlackElo "1726"]
[PlyCount "84"]
[EventDate "2008.10.11"]
[EventType "swiss"]
[EventRounds "7"]
[EventCountry "GER"]
[SourceTitle "EXT 2021"]
[Source "ChessBase"]
[SourceDate "2020.10.23"]
[SourceVersion "1"]
[SourceVersionDate "2020.10.23"]
[SourceQuality "1"]

1. e4 e5 2. Nf3 Nf6 3. Nxe5 d6 4. Nf3 Nxe4 5. d3 Nf6 6. h3 d5 7. d4 Bd6 8. Bg5 0-0 9. Be2 Bf5 10. 0-0 Nbd7 11. Nc3 c6 12. Bd3 Bxd3 13. Qxd3 Qc7 14. Rfe1 Rfe8 15. Bxf6 Nxf6 16. Re2 Rxe2 17. Nxe2 Re8 18. Re1 Ne4 19. Nd2 Re6 20. Nxe4 dxe4 21. Qb3 Qe7 22. Qe3 f5 23. Nf4 Bxf4 24. Qxf4 g6 25. Re3 Qd6 26. Qxd6 Rxd6 27. c3 Kf7 28. f3 exf3 29. gxf3 Re6 30. Re5 Rxe5 31. dxe5 f4 32. Kf2 Ke6 33. Ke2 Kxe5 34. Kd3 g5 35. Kc4 h5 36. Kd3 Kf5 37. Ke2 g4 38. hxg4+ hxg4 39. fxg4+ Kxg4 40. Kf2 f3 41. c4 c5 42. a3 a5 0-1

[Event "Niedersachsen-ch"]
[Site "Verden"]
[Date "2008.01.05"]
[Round "5"]
[White "Kuenitz, Bernhard"]
[Black "Walther, Jonas"]
[Result "1-0"]
[WhiteElo "1784"]
[BlackElo "1859"]
[PlyCount "81"]
[EventDate "2008.01.03"]
[EventType "swiss"]
[EventRounds "7"]
[EventCountry "GER"]
[SourceTitle "EXT 2010"]
[Source "ChessBase"]
[SourceDate "2010.11.25"]
[SourceVersion "1"]
[SourceVersionDate "2010.11.25"]
[SourceQuality "1"]

1. c4 e5 2. Nc3 d6 3. g3 g6 4. Bg2 Bg7 5. d3 Nc6 6. a3 f5 7. f4 Nf6 8. e4 0-0 9. Nge2 Rb8 10. 0-0 Be6 11. Nd5 Nd4 12. fxe5 dxe5 13. Nxd4 exd4 14. Bf4 Rf7 15. exf5 Bxf5 16. Nxf6+ Bxf6 17. Bd5 Qd7 18. Bxf7+ Kxf7 19. Qd2 Kg8 20. Rae1 Qd8 21. Rf2 Rc8 22. Rfe2 Bd7 23. Qa5 Bc6 24. Qd2 Qd7 25. Bg5 Bxg5 26. Qxg5 Rf8 27. Qd2 b6 28. Rf2 Rxf2 29. Qxf2 Bb7 30. Rf1 Qe7 31. Qxd4 c5 32. Qf4 Kg7 33. b4 Ba8 34. bxc5 bxc5 35. d4 cxd4 36. Qxd4+ Kh6 37. Qh4+ Qxh4 38. gxh4 Kh5 39. Rf4 g5 40. hxg5 Kxg5 41. Rf7 1-0